000 00652cam a2200253 4500
008 000000n2001 000 0 eng u
020 _a0748408606
035 _a(Sirsi) u111931
050 _a526.982
100 _aDonnay, J-P
_xeditor
245 _aRemote sensing and urban analysis.
260 _aLondon
_bSpon Press
_c2001
300 _axxvi, 268p. ; ill. ; 24cm.
350 _a49.99
490 _aGISDATA
_v9
650 _aGIS
650 _aREMOTE SENSING
650 _aGIS
650 _aLAND SURVEYING
690 _aGeomatics
_96242
700 _aBarnsley, Michael J.
_xEditor
700 _aLongley, Paul A.
_xeditor
942 _n0
999 _c101312
_d101312